| 000 | 00774nam a2200181Ia 4500 | ||
|---|---|---|---|
| 005 | 20250508160009.0 | ||
| 008 | 008 250505s9999 xx 000 0 eng d | ||
| 037 | _aBooks to be hide in OPAC | ||
| 040 |
_aFEDL _beng _cFEDL |
||
| 041 |
_aeng _2eng |
||
| 084 |
_a371.160 942 9, GRE/O _qFEDL |
||
| 245 | 0 | _aReport of the committee representative of associations of local education authorities, trainng college authorities and of the association of teachers in colleges and departments of education in scales of salaries for the teaching staff of training college | |
| 245 | 0 | _cMinistry of Education | |
| 260 |
_aLondon, UK _bHer Majesty's Stationery Office _c1956 |
||
| 300 | _a120 | ||
| 942 |
_cHB _h371.160 942 9, GRE/O |
||
| 999 |
_c1360847 _d1360847 |
||